- Alcina Franch, José,
Entry Nombre Personal
001 - NUMERO DE CONTROL
- campo de control: 46486
003 - IDENTIFICADOR DE NUMERO DE CONTROL
- campo de control: DLC
005 - FECHA Y HORA DE LA ÜLTIMA TRANSACCIÓN
- campo de control: 20220919084859.0
008 - DATOS DE LONGITUD FIJA
- campo de control de longitud fija: 220919n| acannaabn |a aaa
010 ## - NÚMERO DE CONTROL DE LA BIBLIOTECA DEL CONGRESO
- Número de control LC: n 50040022
035 ## - NUMERO DE CONTROL
- Número de control: (OCoLC)oca00075227
040 ## - FUENTE DE CATALOGACIÓN
- Agencia original de catalogación: DLC
- Lenguaje de catalogación: spa
- Agencia de transcripción: DLC
- Agencia que lo modifica: DLC
- Agencia que lo modifica: OCoLC
- Agencia que lo modifica: TxU
- Agencia que lo modifica: MH-P
- Agencia que lo modifica: MX-MxUPN
046 ## - FECHAS CON CODIFICACIÓN ESPECIAL
- Fecha de nacimiento: 1922
- Fecha de muerte: 2001
100 1# - ENCABEZAMIENTO - NOMBRE PERSONAL
- Nombre personal: Alcina Franch, José,
- Fechas asociadas con el nombre: 1922-2001
400 1# - VEÁSE - NOMBRE DE PERSONA
- Personal name: Alcina, José,
- Dates associated with a name: 1922-2001
400 1# - VEÁSE - NOMBRE DE PERSONA
- Personal name: Franch, José Alcina,
- Dates associated with a name: 1922-2001
670 ## - FUENTE EN LA QUE SE LOCALIZARON DATOS
- Cita de la fuente: En su obra: Fuentes indígenas de Méjico, 1956.
670 ## - FUENTE EN LA QUE SE LOCALIZARON DATOS
- Cita de la fuente: Carvajal, J. de. Descubrimiento del río Apure, 1985:
- Información localizada: portada (José Alcina) cubierta (José Alcina Franch, n. 1922, Valencia)
670 ## - FUENTE EN LA QUE SE LOCALIZARON DATOS
- Cita de la fuente: Las culturas precolombinas de América, c2009:
- Información localizada: página 2 de la cubierta (n. 1922, m. 2001)
902 ## - CATALOGADOR
- Catalogador: NDAF/190922
